[Event "Campeonato de Aragon por Equipos 2025 - "]
[Site "?"]
[Date "2025.03.01"]
[Round "6.60"]
[White "Alvarez Gonzalo, Miguel Angel"]
[Black "Marco Hernandez, Fernando"]
[Result "1-0"]
[WhiteElo "1808"]
[BlackElo "1576"]
[PlyCount "79"]
[GameId "2152100659200237"]
[EventDate "2025.01.25"]
[WhiteTeam "MyInvestor Casablanca C"]
[BlackTeam "Teruel B"]

1. c4 e5 2. g3 c6 3. d4 Bb4+ 4. Bd2 Bxd2+ 5. Qxd2 exd4 6. Qxd4 Qf6 7. Nf3 Qxd4 8. Nxd4 Ne7 9. Nc3 O-O 10. Bg2 Na6 11. O-O Nc7 12. e4 d6 13. Rad1 Rd8 14. Rfe1 Be6 15. b3 Rd7 16. h3 Rad8 17. f4 g6 18. g4 f6 19. f5 Bf7 20. Bf3 d5 21. cxd5 cxd5 22. exd5 Nexd5 23. Ne6 Nxc3 24. Nxd8 Nxd1 25. Rxd1 Rxd1+ 26. Bxd1 Bd5 27. Kf2 Kf8 28. Bf3 Bxf3 29. Kxf3 b6 30. Ke4 Ke7 31. Nc6+ Kd6 32. Nxa7 b5 33. a4 bxa4 34. bxa4 Nd5 35. Nb5+ Kc6 36. Nd4+ Kd6 37. a5 Nc7 38. Ne6 Kc6 39. Nxc7 Kxc7 40. Kd5 1-0

[Event "Campeonato de Aragon por Equipos 2025 - "]
[Site "?"]
[Date "2025.03.01"]
[Round "6.61"]
[White "Fernandez Rubio, Rafael"]
[Black "Cid Royo, Jonathan"]
[Result "0-1"]
[WhiteElo "2048"]
[BlackElo "2132"]
[PlyCount "82"]
[GameId "2152100659261678"]
[EventDate "2025.01.25"]
[WhiteTeam "Tauste"]
[BlackTeam "L'Aurora Estadilla M64"]

1. e4 c5 2. Nf3 d6 3. d4 cxd4 4. Qxd4 Nc6 5. Bb5 Bd7 6. Bxc6 Bxc6 7. Nc3 Nf6 8. Bg5 e6 9. O-O-O Be7 10. Qd3 O-O 11. Nd4 Rc8 12. h4 Qa5 13. Kb1 b5 14. Nxc6 Rxc6 15. Qxb5 Qc7 16. Qd3 Rb8 17. Ka1 Ng4 18. Rhf1 Bxg5 19. hxg5 Nxf2 20. Rxf2 Qb6 21. Qb5 Qxb5 22. Nxb5 Rxb5 23. Rfd2 g6 24. b3 Rxg5 25. c4 a5 26. Rxd6 Rxd6 27. Rxd6 Rxg2 28. a3 h5 29. c5 Rc2 30. c6 h4 31. Kb1 Rc5 32. Kb2 h3 33. b4 axb4 34. axb4 Rc4 35. b5 Rb4+ 36. Kc3 Rxb5 37. Kc4 Rb1 38. Rd2 Rc1+ 39. Kb5 g5 40. Kb6 g4 41. c7 g3 0-1

[Event "Campeonato de Aragon por Equipos 2025 - "]
[Site "?"]
[Date "2025.03.01"]
[Round "6.62"]
[White "Pellicer Cerezuela, Miguel"]
[Black "Muro Turon, Raul"]
[Result "1-0"]
[WhiteElo "2042"]
[BlackElo "1879"]
[PlyCount "85"]
[GameId "2152100659306735"]
[EventDate "2025.01.25"]
[WhiteTeam "L'Aurora Estadilla M64"]
[BlackTeam "Tauste"]

1. d4 Nf6 2. Nf3 g6 3. e3 d6 4. Be2 Bg7 5. O-O O-O 6. c4 Nbd7 7. Nc3 e5 8. b4 a5 9. b5 b6 10. a4 Re8 11. Ba3 e4 12. Nd2 h5 13. Qb3 Nf8 14. Rfd1 N8h7 15. c5 d5 16. cxb6 cxb6 17. Rdc1 h4 18. h3 Ng5 19. Bf1 Be6 20. Ne2 Nh5 21. Rc6 Ra7 22. Rac1 Nh7 23. Bd6 Qg5 24. Nf4 Nxf4 25. Bxf4 Qf5 26. Rxb6 Bxd4 27. exd4 Qxf4 28. Qe3 Qf6 29. Nb3 Qe7 30. Nc5 Nf8 31. Nxe6 Nxe6 32. Ra6 Rxa6 33. bxa6 Qb4 34. Bb5 Rd8 35. Qc3 Qxd4 36. Qxd4 Nxd4 37. Kf1 Kf8 38. a7 Ke7 39. Ba6 Ra8 40. Rc7+ Kd6 41. Rxf7 Nc6 42. Rf6+ Kc5 43. Bb7 1-0

[Event "Campeonato de Aragon por Equipos 2025 - "]
[Site "?"]
[Date "2025.03.01"]
[Round "6.63"]
[White "San Lazaro Lorente, David"]
[Black "Cid Royo, Oscar"]
[Result "0-1"]
[WhiteElo "1825"]
[BlackElo "2002"]
[PlyCount "80"]
[GameId "2152100659343600"]
[EventDate "2025.01.25"]
[WhiteTeam "Tauste"]
[BlackTeam "L'Aurora Estadilla M64"]

1. d4 d5 2. Nf3 c6 3. c4 Nf6 4. Nc3 e6 5. Bg5 dxc4 6. e4 b5 7. e5 h6 8. Bh4 g5 9. Nxg5 hxg5 10. Bxg5 Nbd7 11. exf6 Bb7 12. a3 Qa5 13. Bd2 Qc7 14. Qg4 Nxf6 15. Qf4 Qxf4 16. Bxf4 Bg7 17. Be5 O-O-O 18. Be2 Ne8 19. Rd1 a6 20. Bf3 f6 21. Bf4 f5 22. Be5 Bxe5 23. dxe5 Nc7 24. Rxd8+ Rxd8 25. Ke2 Nd5 26. Nxd5 cxd5 27. Rd1 d4 28. Bxb7+ Kxb7 29. f4 Kc6 30. g3 Kc5 31. Kd2 a5 32. Kc2 b4 33. axb4+ axb4 34. Ra1 d3+ 35. Kd2 Rh8 36. h4 Rg8 37. h5 Rxg3 38. Ra6 Rg2+ 39. Kc1 c3 40. bxc3 bxc3 0-1

[Event "Campeonato de Aragon por Equipos 2025 - "]
[Site "?"]
[Date "2025.03.01"]
[Round "6.64"]
[White "Ayensa Garcia, Miguel Angel"]
[Black "Cuartero Sancho, Argimiro"]
[Result "1-0"]
[WhiteElo "1998"]
[BlackElo "1710"]
[PlyCount "65"]
[GameId "2152100659376369"]
[EventDate "2025.01.25"]
[WhiteTeam "L'Aurora Estadilla M64"]
[BlackTeam "Tauste"]

1. c4 e5 2. Nc3 Nc6 3. Nf3 f5 4. g3 Nf6 5. Bg2 Bb4 6. O-O Bxc3 7. bxc3 d6 8. d4 O-O 9. Rb1 Qe8 10. e3 e4 11. Nd2 Na5 12. Rb5 b6 13. Re1 Ba6 14. Rxf5 Nxc4 15. Nxe4 Nxe4 16. Rxf8+ Kxf8 17. Qf3+ Kg8 18. Qxe4 Qxe4 19. Bxe4 Re8 20. Bg2 Bc8 21. e4 h6 22. f4 Kf7 23. Kf2 c5 24. Bf3 Kf6 25. h4 Re7 26. g4 Bb7 27. g5+ hxg5 28. hxg5+ Kf7 29. f5 Na5 30. g6+ Kf8 31. Rh1 Kg8 32. Bg5 Re8 33. f6 1-0

[Event "Campeonato de Aragon por Equipos 2025 - "]
[Site "?"]
[Date "2025.03.01"]
[Round "6.65"]
[White "Martinez Cebolla, Alberto"]
[Black "Carraminana Lopez, Luis Antonio"]
[Result "1/2-1/2"]
[WhiteElo "2044"]
[BlackElo "1929"]
[PlyCount "46"]
[GameId "2152100659478770"]
[EventDate "2025.01.25"]
[WhiteTeam "Iberajedrez Mundo 64 C"]
[BlackTeam "Helios B"]

1. e4 e5 2. Nf3 Nc6 3. d4 exd4 4. Nxd4 Bc5 5. Nb3 Bb6 6. Nc3 Qf6 7. Qe2 d6 8. Be3 Nge7 9. O-O-O Bd7 10. h3 h5 11. Nd5 Nxd5 12. exd5 Ne7 13. Re1 Kd8 14. c4 Bxe3+ 15. Qxe3 Qh6 16. Bd3 Qxe3+ 17. Rxe3 Re8 18. Rhe1 Ng8 19. Nd4 Rxe3 20. Rxe3 Ne7 21. Rg3 g6 22. Rf3 Ke8 23. Re3 Kf8 1/2-1/2

[Event "Campeonato de Aragon por Equipos 2025 - "]
[Site "?"]
[Date "2025.03.01"]
[Round "6.66"]
[White "Moreno Burillo, Maria"]
[Black "Lopez Micone, Nicolas"]
[Result "1/2-1/2"]
[WhiteElo "1868"]
[BlackElo "1825"]
[PlyCount "43"]
[GameId "2152100659523827"]
[EventDate "2025.01.25"]
[WhiteTeam "Helios B"]
[BlackTeam "Iberajedrez Mundo 64 C"]

1. e4 c5 2. Nf3 d6 3. d4 cxd4 4. Nxd4 Nf6 5. Nc3 a6 6. h3 e5 7. Nde2 Be7 8. g4 b5 9. Bg2 Bb7 10. a3 Nbd7 11. Be3 Rc8 12. O-O O-O 13. Ng3 Nb6 14. Bxb6 Qxb6 15. Nf5 Rfe8 16. Qd2 Bf8 17. Rad1 Red8 18. Qg5 Rd7 19. Rxd6 Rxd6 20. Nh6+ Kh8 21. Nxf7+ Kg8 22. Nh6+ 1/2-1/2

[Event "Campeonato de Aragon por Equipos 2025 - "]
[Site "?"]
[Date "2025.03.01"]
[Round "6.67"]
[White "Anadon Moreno, Mario"]
[Black "Sgibnev Huayllani, Daniel Vladimir"]
[Result "1-0"]
[WhiteElo "1779"]
[BlackElo "1759"]
[PlyCount "53"]
[GameId "2152100659564788"]
[EventDate "2025.01.25"]
[WhiteTeam "Iberajedrez Mundo 64 C"]
[BlackTeam "Helios B"]

1. d4 Nf6 2. Nf3 d6 3. e3 g6 4. b3 Bg7 5. Bb2 O-O 6. Be2 Nbd7 7. h3 Re8 8. O-O b6 9. c4 c5 10. Nc3 Bb7 11. Qc2 Rc8 12. Rfd1 a6 13. Rac1 Qc7 14. Nd2 e5 15. dxe5 dxe5 16. Bf3 Nb8 17. Bxb7 Qxb7 18. Nde4 Nxe4 19. Nxe4 Nc6 20. Nd6 Qc7 21. Nxe8 Rxe8 22. a3 f5 23. Rd2 f4 24. Qe4 fxe3 25. fxe3 Bh6 26. Rcd1 Re7 27. Rd6 1-0

[Event "Campeonato de Aragon por Equipos 2025 - "]
[Site "?"]
[Date "2025.03.01"]
[Round "6.68"]
[White "Torcal Miguel, Paula"]
[Black "Lopez Micone, Ezequiel"]
[Result "0-1"]
[WhiteElo "1730"]
[BlackElo "1731"]
[PlyCount "48"]
[GameId "2152100659609845"]
[EventDate "2025.01.25"]
[WhiteTeam "Helios B"]
[BlackTeam "Iberajedrez Mundo 64 C"]

1. e4 c5 2. Nf3 d6 3. d4 cxd4 4. Nxd4 Nf6 5. Nc3 a6 6. f3 e5 7. Nb3 Be6 8. Be3 Be7 9. Qd2 O-O 10. O-O-O Qc7 11. g4 Rc8 12. h4 d5 13. exd5 Nxd5 14. Nxd5 Bxd5 15. Bg2 a5 16. Kb1 Be6 17. Nc1 Ra6 18. Nd3 a4 19. Bf1 b5 20. Rh2 Rd8 21. Qe1 Qc4 22. Qc3 Qxa2+ 23. Kc1 Rc6 24. Qa5 Bb3 0-1

[Event "Campeonato de Aragon por Equipos 2025 - "]
[Site "?"]
[Date "2025.03.01"]
[Round "6.69"]
[White "Malo Guillen, Jose Luis"]
[Black "Gracia Campo, Carlos Alberto"]
[Result "1/2-1/2"]
[WhiteElo "2093"]
[BlackElo "2011"]
[PlyCount "87"]
[GameId "2152100659642614"]
[EventDate "2025.01.25"]
[WhiteTeam "Las Fuentes"]
[BlackTeam "El Olivar B"]

1. d4 Nf6 2. c4 g6 3. Nf3 Bg7 4. g3 O-O 5. Bg2 d6 6. O-O Nbd7 7. Nc3 c6 8. e4 e5 9. Rb1 exd4 10. Nxd4 a5 11. h3 Nc5 12. Re1 Re8 13. Qc2 Nfxe4 14. Nxe4 Nxe4 15. Rxe4 Rxe4 16. Qxe4 c5 17. Nc2 Bf5 18. Qe2 Qe8 19. Qd2 Qa4 20. Na3 Qb4 21. g4 Bxb1 22. Nxb1 Re8 23. Qxb4 axb4 24. Kf1 Ra8 25. a3 bxa3 26. Nxa3 Ra6 27. Bxb7 Rb6 28. Bd5 Rb3 29. f3 Kf8 30. Nb5 Ke7 31. Nc3 Bxc3 32. bxc3 Rxc3 33. Bd2 Rc2 34. Ke2 Ra2 35. Kd3 Ra1 36. f4 Rg1 37. Be3 Rg3 38. Ke2 Rxh3 39. Kf2 f5 40. g5 h6 41. gxh6 Rxh6 42. Bc1 Rh2+ 43. Bg2 Rh8 44. Bd5 1/2-1/2

[Event "Campeonato de Aragon por Equipos 2025 - "]
[Site "?"]
[Date "2025.03.01"]
[Round "6.70"]
[White "Veras Sanz, Marino"]
[Black "Alonso Blasco, Jose Miguel"]
[Result "1-0"]
[WhiteElo "2004"]
[BlackElo "1938"]
[PlyCount "91"]
[GameId "2152100659679479"]
[EventDate "2025.01.25"]
[WhiteTeam "El Olivar B"]
[BlackTeam "Las Fuentes"]

1. d4 Nf6 2. c4 e6 3. Nf3 Bb4+ 4. Bd2 Qe7 5. e3 O-O 6. Bd3 Bxd2+ 7. Qxd2 d6 8. Nc3 e5 9. Bc2 Re8 10. O-O Bg4 11. Ng5 h6 12. Nge4 Nxe4 13. Nxe4 Bf5 14. Nxd6 Bxc2 15. Nxe8 Bg6 16. Nxc7 Qxc7 17. Rac1 Nd7 18. d5 a5 19. b3 Qc5 20. Qb2 Ra6 21. Qe2 Rf6 22. Kh1 e4 23. Qb2 Bh5 24. Qd4 Bg6 25. f3 exf3 26. Rxf3 Rxf3 27. gxf3 f6 28. Qxc5 Nxc5 29. Rc3 b6 30. a3 Na6 31. Kg2 Kf8 32. Kg3 Ke7 33. Kf4 Kd6 34. e4 Bh7 35. Ke3 Kc5 36. f4 g5 37. e5 f5 38. Rd3 Nc7 39. d6 Ne6 40. d7 gxf4+ 41. Kf3 Nd8 42. e6 Nxe6 43. d8=Q Nxd8 44. Rxd8 Bg6 45. Kxf4 h5 46. Ke5 1-0

[Event "Campeonato de Aragon por Equipos 2025 - "]
[Site "?"]
[Date "2025.03.01"]
[Round "6.71"]
[White "Mombiela De Sus, Jose Luis"]
[Black "Jaso Escudero, Julen"]
[Result "1-0"]
[WhiteElo "1918"]
[BlackElo "1925"]
[PlyCount "45"]
[GameId "2152100659712248"]
[EventDate "2025.01.25"]
[WhiteTeam "Las Fuentes"]
[BlackTeam "El Olivar B"]

1. f4 d5 2. Nf3 Nf6 3. g3 c5 4. Bg2 Nc6 5. d3 e6 6. O-O d4 7. Na3 Be7 8. c3 O-O 9. Nc4 Qc7 10. a4 Nd5 11. Bd2 Bf6 12. Rc1 Nb6 13. cxd4 Nxc4 14. Rxc4 Nxd4 15. Nxd4 Bxd4+ 16. e3 Bf6 17. b4 Qd7 18. Qc2 Rd8 19. Be4 Be7 20. bxc5 Qc7 21. Rb1 Rb8 22. Bc3 Re8 23. Be5 1-0

[Event "Campeonato de Aragon por Equipos 2025 - "]
[Site "?"]
[Date "2025.03.01"]
[Round "6.72"]
[White "Vega Cieloszyk, Diego Piotr"]
[Black "Javierre Conesa, Alfonso"]
[Result "0-1"]
[WhiteElo "1731"]
[BlackElo "1885"]
[PlyCount "96"]
[GameId "2152100659749113"]
[EventDate "2025.01.25"]
[WhiteTeam "El Olivar B"]
[BlackTeam "Las Fuentes"]

1. e4 c5 2. c3 d5 3. exd5 Qxd5 4. d4 Nf6 5. Nf3 Bg4 6. Be2 e6 7. O-O Be7 8. Be3 Nbd7 9. c4 Qd6 10. Nc3 cxd4 11. Nxd4 Bxe2 12. Qxe2 a6 13. Rad1 Qc7 14. Rfe1 O-O 15. Bg5 Rfe8 16. b3 Rad8 17. Qf3 h6 18. Bf4 Qc8 19. Bg3 Nf8 20. Nde2 Ng6 21. Nf4 Nxf4 22. Bxf4 Rxd1 23. Rxd1 Rd8 24. Rxd8+ Bxd8 25. Ne4 Qd7 26. Nxf6+ Bxf6 27. h3 Be7 28. Kh2 Bc5 29. Be3 Bxe3 30. Qxe3 Qc7+ 31. g3 Kf8 32. Qd4 e5 33. Qd5 a5 34. c5 f6 35. Kg2 Qc6 36. Qxc6 bxc6 37. Kf3 Ke7 38. Ke4 Ke6 39. a3 f5+ 40. Kd3 Kd5 41. g4 g6 42. f3 Kxc5 43. Ke3 Kd5 44. f4 fxg4 45. hxg4 exf4+ 46. Kxf4 h5 47. gxh5 gxh5 48. Kg5 Kd4 0-1

[Event "Campeonato de Aragon por Equipos 2025 - "]
[Site "?"]
[Date "2025.03.08"]
[Round "7.2"]
[White "Glavina, Pablo"]
[Black "Mimbela Lopez, Miguel A."]
[Result "1-0"]
[WhiteElo "2359"]
[BlackElo "2103"]
[PlyCount "59"]
[GameId "2155415465239931"]
[EventDate "2025.01.25"]
[WhiteTeam "MyInvestor Casablanca A"]
[BlackTeam "Agrupacion"]

1. e4 e5 2. Nf3 Nc6 3. Bb5 a6 4. Ba4 d6 5. O-O Bg4 6. h3 h5 7. Bxc6+ bxc6 8. d4 Bxf3 9. Qxf3 exd4 10. e5 Qd7 11. Re1 d5 12. Qd3 Ne7 13. Qxd4 Nf5 14. Qd3 Be7 15. Nc3 Qe6 16. Ne2 g5 17. Bd2 c5 18. c4 c6 19. Ba5 Rg8 20. cxd5 cxd5 21. Rad1 Rb8 22. b3 Rb5 23. Bc7 Kd7 24. Bd6 Bxd6 25. exd6 Re8 26. Nc3 Qxe1+ 27. Rxe1 Rxe1+ 28. Kh2 Nxd6 29. Nxb5 axb5 30. Qxd5 1-0

[Event "Campeonato de Aragon por Equipos 2025 - "]
[Site "?"]
[Date "2025.03.08"]
[Round "7.3"]
[White "Mimbela Lopez, Luis"]
[Black "Vela Frago, Alberto"]
[Result "0-1"]
[WhiteElo "1942"]
[BlackElo "2256"]
[PlyCount "32"]
[GameId "2155415465289084"]
[EventDate "2025.01.25"]
[WhiteTeam "Agrupacion"]
[BlackTeam "MyInvestor Casablanca A"]

1. d4 Nf6 2. Nf3 d5 3. e3 c5 4. b3 cxd4 5. exd4 Nc6 6. Bb2 Bg4 7. h3 Bh5 8. Nbd2 e6 9. Bd3 Bd6 10. O-O O-O 11. a3 Bf4 12. g4 Nxg4 13. hxg4 Bxg4 14. Be2 Qf6 15. Ne5 Bxe2 16. Qxe2 Qg5+ 0-1

[Event "Campeonato de Aragon por Equipos 2025 - "]
[Site "?"]
[Date "2025.03.08"]
[Round "7.4"]
[White "Forcen Esteban, Daniel"]
[Black "Ramo Frontinan, Cristobal"]
[Result "1-0"]
[WhiteElo "2541"]
[BlackElo "2293"]
[PlyCount "63"]
[GameId "2155415465334141"]
[EventDate "2025.01.25"]
[WhiteTeam "Jaime Casas"]
[BlackTeam "Maristas"]

1. e4 c6 2. d4 d5 3. e5 g6 4. Nc3 Bg7 5. h3 f6 6. f4 Nh6 7. g4 c5 8. exf6 exf6 9. dxc5 d4 10. Nb5 O-O 11. Bc4+ Kh8 12. Qxd4 Qe7+ 13. Ne2 Na6 14. Qe3 Qd7 15. Bd2 Re8 16. Qf3 Nxc5 17. O-O-O Ne4 18. Ba5 Qc6 19. Nd6 Nxd6 20. Qxc6 bxc6 21. Rxd6 f5 22. g5 Ng8 23. h4 Ne7 24. h5 gxh5 25. Rxh5 Nd5 26. Rxc6 Bb7 27. Bxd5 Rxe2 28. g6 h6 29. Bc3 Bxc3 30. Rxh6+ Kg7 31. Rh7+ Kf8 32. bxc3 1-0

[Event "Campeonato de Aragon por Equipos 2025 - "]
[Site "?"]
[Date "2025.03.08"]
[Round "7.5"]
[White "Neila Castillo, Miguel Angel"]
[Black "Ramiro Ovejero, Juan Luis"]
[Result "0-1"]
[WhiteElo "2119"]
[BlackElo "2315"]
[PlyCount "66"]
[GameId "2155415465432446"]
[EventDate "2025.01.25"]
[WhiteTeam "Maristas"]
[BlackTeam "Jaime Casas"]

1. e4 e5 2. Nf3 Nc6 3. Bc4 Nf6 4. d3 h6 5. c3 d6 6. Bb3 g6 7. Nbd2 Bg7 8. h3 O-O 9. g4 d5 10. Qe2 Na5 11. Bc2 c5 12. a4 Re8 13. b3 h5 14. g5 Nh7 15. Nf1 Be6 16. Rb1 Qd7 17. h4 a6 18. N3d2 b5 19. f3 d4 20. c4 Rab8 21. Kf2 f5 22. gxf6 Bxf6 23. Ke1 Qe7 24. Qf2 Nf8 25. f4 exf4 26. Nf3 bxa4 27. bxa4 Rxb1 28. Bxb1 Rb8 29. Bc2 Nc6 30. Bxf4 Rb2 31. Kd1 Nb4 32. Ne1 Bg4+ 33. Kc1 Rxc2+ 0-1

[Event "Campeonato de Aragon por Equipos 2025 - "]
[Site "?"]
[Date "2025.03.08"]
[Round "7.6"]
[White "Newrkla, Katharina"]
[Black "Naya Sancho, Jose Ignacio"]
[Result "1-0"]
[WhiteElo "2219"]
[BlackElo "2076"]
[PlyCount "61"]
[GameId "2155415465477503"]
[EventDate "2025.01.25"]
[WhiteTeam "Jaime Casas"]
[BlackTeam "Maristas"]

1. e4 e5 2. Nf3 Nc6 3. Bb5 a6 4. Ba4 Nf6 5. O-O Be7 6. Re1 b5 7. Bb3 d6 8. c3 O-O 9. h3 h6 10. d4 Re8 11. a4 Bb7 12. Nbd2 Bf8 13. Bc2 exd4 14. cxd4 Nb4 15. Bb1 c5 16. d5 Nd7 17. Ra3 f5 18. Nh2 Nf6 19. Rg3 Kh8 20. b3 fxe4 21. Nxe4 Nxe4 22. Rxe4 Bxd5 23. Rxe8 Qxe8 24. Bb2 Qf7 25. Qd2 Qe6 26. Rg6 Qe7 27. Qxh6+ Kg8 28. Rg3 Qe1+ 29. Nf1 Ra7 30. Bh7+ Kf7 31. Qh5+ 1-0

[Event "Campeonato de Aragon por Equipos 2025 - "]
[Site "?"]
[Date "2025.03.08"]
[Round "7.7"]
[White "Campo Millan, Diego"]
[Black "Fontana Sotomayor, Luis Javier"]
[Result "0-1"]
[WhiteElo "2060"]
[BlackElo "2164"]
[PlyCount "70"]
[GameId "2155415465534848"]
[EventDate "2025.01.25"]
[WhiteTeam "Maristas"]
[BlackTeam "Jaime Casas"]

1. Nf3 f5 2. b3 Nf6 3. Bb2 e6 4. e3 d5 5. c4 Bd6 6. Be2 O-O 7. O-O Qe7 8. d4 c6 9. Nbd2 b6 10. Ne5 Bb7 11. Qc2 Nbd7 12. Ndf3 Ne4 13. Nxd7 Qxd7 14. Ne5 Qe7 15. f3 Ng5 16. f4 Ne4 17. a4 c5 18. Rfd1 Rac8 19. dxc5 bxc5 20. Bf3 Rfd8 21. a5 a6 22. Qe2 Bb8 23. cxd5 exd5 24. Bxe4 fxe4 25. Qg4 Ba7 26. b4 cxb4 27. Bd4 Bxd4 28. Rxd4 Rc7 29. Rb1 Bc8 30. Qd1 Qc5 31. Qb3 Rb7 32. Rbd1 Rb5 33. Rxe4 Qc3 34. Qxc3 bxc3 35. Red4 c2 0-1

[Event "Campeonato de Aragon por Equipos 2025 - "]
[Site "?"]
[Date "2025.03.08"]
[Round "7.8"]
[White "Ruiz Fernandez, Daniel"]
[Black "Van Ojik, Mark"]
[Result "1-0"]
[WhiteElo "2165"]
[BlackElo "2257"]
[PlyCount "103"]
[GameId "2155415465584001"]
[EventDate "2025.01.25"]
[WhiteTeam "MyInvestor Casablanca B"]
[BlackTeam "ONCE CA Aragon Delicias"]

1. e4 e5 2. Nf3 Nc6 3. Bb5 a6 4. Ba4 Be7 5. O-O Nf6 6. Re1 b5 7. Bb3 O-O 8. d3 d6 9. c3 Bb7 10. Nbd2 Qd7 11. Nf1 Rae8 12. Ng3 Bd8 13. a4 Ne7 14. axb5 axb5 15. d4 exd4 16. cxd4 Ng6 17. d5 c6 18. dxc6 Bxc6 19. Qd4 Qb7 20. Ra7 Qb8 21. Be3 Ne5 22. Nxe5 dxe5 23. Qc5 Bxe4 24. Rxf7 Rxf7 25. Nxe4 Nxe4 26. Bxf7+ Kxf7 27. Qd5+ Kf8 28. Qxe4 Kg8 29. Ra1 Bf6 30. g4 Qd6 31. Ra7 Be7 32. Kg2 Bf8 33. Rb7 b4 34. h3 Qe6 35. Bd2 h6 36. Bxb4 Bxb4 37. Rxb4 Kh8 38. Rb7 Qd6 39. b4 Rf8 40. Rb5 Qf6 41. f3 Re8 42. Rc5 h5 43. Qc6 Qf7 44. Rd5 h4 45. b5 Rf8 46. Rd2 Qf4 47. Rf2 Qg3+ 48. Kf1 Qxh3+ 49. Ke2 Qg3 50. b6 Rd8 51. b7 Qg1 52. Qd6 1-0

[Event "Campeonato de Aragon por Equipos 2025 - "]
[Site "?"]
[Date "2025.03.08"]
[Round "7.9"]
[White "Gavin Roche, Enrique"]
[Black "Lorente Melcon, Maximo"]
[Result "0-1"]
[WhiteElo "2145"]
[BlackElo "2138"]
[PlyCount "116"]
[GameId "2155415465624962"]
[EventDate "2025.01.25"]
[WhiteTeam "ONCE CA Aragon Delicias"]
[BlackTeam "MyInvestor Casablanca B"]

1. d4 d5 2. c4 e6 3. Nc3 c5 4. e3 Nf6 5. Nf3 a6 6. a3 dxc4 7. Bxc4 b5 8. Ba2 Bb7 9. Qe2 Nbd7 10. O-O Be7 11. Rd1 Qc7 12. dxc5 Nxc5 13. b4 Nce4 14. Nxe4 Bxe4 15. Bb2 Qb7 16. Rac1 O-O 17. Bd4 Rfc8 18. Ne1 a5 19. Qb2 axb4 20. Rxc8+ Qxc8 21. axb4 Qf8 22. f3 Bg6 23. Bc3 h5 24. Nd3 Qd8 25. Rd2 Qc7 26. Nf4 Rxa2 27. Qxa2 Qxc3 28. Nxg6 Qxe3+ 29. Kf1 fxg6 30. Re2 Qc1+ 31. Re1 Qc4+ 32. Qxc4 bxc4 33. b5 Kf7 34. b6 Bd6 35. g3 Ke7 36. Ra1 Nd7 37. b7 Kd8 38. Rc1 Kc7 39. Rxc4+ Kxb7 40. f4 Nc5 41. Ke2 Kc6 42. Rd4 Be7 43. h4 Bf6 44. Rd1 Nb3 45. Ke3 Kc5 46. Ke4 Nd4 47. Rc1+ Kd6 48. Rd1 e5 49. fxe5+ Bxe5 50. Rxd4+ Bxd4 51. Kxd4 Ke6 52. Ke4 Kf6 53. Kf4 g5+ 54. Ke4 g6 55. Ke3 gxh4 56. gxh4 Ke5 57. Kf3 Kf5 58. Kg3 Ke4 0-1

[Event "Campeonato de Aragon por Equipos 2025 - "]
[Site "?"]
[Date "2025.03.08"]
[Round "7.10"]
[White "Conon, Catalin"]
[Black "Lamas Mercadal, Manuel"]
[Result "1/2-1/2"]
[WhiteElo "2072"]
[BlackElo "2105"]
[PlyCount "86"]
[GameId "2155415465661827"]
[EventDate "2025.01.25"]
[WhiteTeam "MyInvestor Casablanca B"]
[BlackTeam "ONCE CA Aragon Delicias"]

1. d4 Nf6 2. c4 c5 3. d5 g6 4. Nc3 Bg7 5. e4 d6 6. Nf3 O-O 7. Be2 e6 8. O-O Re8 9. h3 exd5 10. exd5 Bf5 11. Bf4 Ne4 12. Nxe4 Bxe4 13. Bd3 Qf6 14. Bg3 Nd7 15. Re1 Bxf3 16. Qxf3 Qxf3 17. gxf3 Ne5 18. Be2 f5 19. Rab1 Nf7 20. Bd3 Be5 21. f4 Bf6 22. Bc2 Kf8 23. Ba4 Rxe1+ 24. Rxe1 a6 25. Re6 Be7 26. a3 Rb8 27. Re3 Bf6 28. Rb3 h5 29. f3 b6 30. Be1 g5 31. Bd2 gxf4 32. Bxf4 Ne5 33. Bxe5 Bxe5 34. f4 Bd4+ 35. Kg2 Ke7 36. Bc6 Kf6 37. h4 Rg8+ 38. Rg3 Rg4 39. Rxg4 hxg4 40. b3 Bc3 41. h5 Bd2 42. Kg3 Be1+ 43. Kg2 Bd2 1/2-1/2

[Event "Campeonato de Aragon por Equipos 2025 - "]
[Site "?"]
[Date "2025.03.08"]
[Round "7.11"]
[White "Laliena Solanes, Luis"]
[Black "Jaime Galeano, Alcher"]
[Result "0-1"]
[WhiteElo "2096"]
[BlackElo "1967"]
[PlyCount "124"]
[GameId "2155415465706884"]
[EventDate "2025.01.25"]
[WhiteTeam "ONCE CA Aragon Delicias"]
[BlackTeam "MyInvestor Casablanca B"]

1. d4 d5 2. Nc3 Nf6 3. Bf4 a6 4. e3 Bf5 5. Nf3 e6 6. Bd3 Bxd3 7. cxd3 Bd6 8. Bxd6 cxd6 9. Qb3 Qe7 10. O-O Nc6 11. e4 dxe4 12. dxe4 O-O 13. Rad1 Rfe8 14. Rd2 Rad8 15. Re1 d5 16. e5 Nh5 17. Qb6 Rc8 18. Rc1 Nf4 19. a3 Qd8 20. Qxd8 Rexd8 21. b4 b5 22. g3 Ng6 23. Ne2 Rc7 24. Rdc2 Rdc8 25. Nd2 Kf8 26. Nb3 Ke8 27. f4 Kd8 28. g4 Nge7 29. Ng3 g6 30. Rc5 Nb8 31. Kf2 Nec6 32. Ke3 Nd7 33. R5c2 Nb6 34. Kd3 Nc4 35. Ra2 a5 36. bxa5 b4 37. Nc5 bxa3 38. Rb1 N6xa5 39. Rb5 Nb2+ 40. Ke2 Nac4 41. f5 Ke7 42. f6+ Ke8 43. Nf1 Ra7 44. Nd2 Nxd2 45. Kxd2 Nc4+ 46. Ke2 Rac7 47. Rb3 Nxe5 48. dxe5 Rxc5 49. Raxa3 Rc2+ 50. Kf3 Rxh2 51. Kg3 Rhc2 52. Kh4 h6 53. Kg3 d4 54. Kf4 R2c3 55. Rxc3 dxc3 56. Ra1 c2 57. Rc1 Kd7 58. Ke4 Rc5 59. Kd3 Kc6 60. Kd4 Kb5 61. Kd3 Kb4 62. Kd2 Kb3 0-1

[Event "Campeonato de Aragon por Equipos 2025 - "]
[Site "?"]
[Date "2025.03.08"]
[Round "7.12"]
[White "Chueca Forcen, Alberto"]
[Black "Del Rey, Diego"]
[Result "1-0"]
[WhiteElo "2270"]
[BlackElo "2275"]
[PlyCount "93"]
[GameId "2155415465747845"]
[EventDate "2025.01.25"]
[WhiteTeam "Teruel"]
[BlackTeam "El Olivar"]

1. Nc3 d6 2. d4 e5 3. Nf3 Nd7 4. g4 Ne7 5. h4 exd4 6. Qxd4 Nc6 7. Qe3+ Be7 8. Nd5 Nb6 9. Nxe7 Qxe7 10. Qxe7+ Kxe7 11. Rg1 Nb4 12. Kd1 c5 13. a3 Nc6 14. b3 Be6 15. Bb2 c4 16. Nd2 cxb3 17. cxb3 Na5 18. Rg3 Rac8 19. Rc1 Rxc1+ 20. Kxc1 Rg8 21. g5 d5 22. Bc3 Nc6 23. Nf3 Nc8 24. Nd4 Nd6 25. Nxc6+ bxc6 26. Bb4 Kd7 27. Bxd6 Kxd6 28. Kc2 a5 29. Bg2 Bf5+ 30. Kc3 Re8 31. e3 c5 32. Bf3 Rb8 33. Bg4 Be6 34. Bxe6 fxe6 35. Rf3 Ke7 36. Rf4 Rf8 37. Rxf8 Kxf8 38. b4 axb4+ 39. axb4 c4 40. e4 Ke7 41. exd5 exd5 42. h5 Ke6 43. Kd4 Kf5 44. b5 Ke6 45. f4 g6 46. hxg6 hxg6 47. b6 1-0